000 00881 a2200217 4500
001 47897
005 20260407155744.0
008 260407a1955 arg spa d
003 AR-UNSa-BCEJYS
040 _aAR-UNSa-BCEJYS
_bspa
_cAR-UNSa-BCEJYS
080 _a101.1
_xNaturaleza de la filosofía. La filosofía como ciencia. La filosofía como arte (pensamiento filosófico)
245 1 0 _aLa filosofía actual
250 _a3a. ed.
264 1 _aMéxico :
_bFondo de Cultura Económica
_c1955
300 _a377 p.
_c18 cm.
505 _a1. La gestación de la Filosofía contemporánea - 2. Filosofía de la materia - 3. Filosofía de la idea - 4. Filosofía de la vida - 5. Filosofía de la esencia - 6. Filosofía de la existencia - 7. Filosofía del ser.
942 _cBK
590 _aniveau_biblio:m niveau_hierar:0
100 1 _aImaz, Eugenio
700 1 _aBochenski, I.M.
999 _c4477
_d4477